| 000 | 00370cam a22001097a 4500 | ||
|---|---|---|---|
| 008 | 180718b2001 xxu||||| |||| 00| 0 eng d | ||
| 100 | _aJack, Willam | ||
| 245 |
_aPublic policy toward nongoveernmental organizations in developing countries _cby William Jack |
||
| 260 |
_aWashington, D.C. _bWorld Bank _c2001 |
||
| 300 | _a21p. | ||
| 440 | _aPolicy research working paper 2639 | ||
| 999 |
_c286875 _d286875 |
||